| 000 | 00571nam a2200133 a 4500 | ||
|---|---|---|---|
| 001 | 000038048 | ||
| 005 | 20201002031149.0 | ||
| 008 | 130312s2011 dr 000 0 spa d | ||
| 040 |
_aDO-SdBNP _bspa _cBNPHU |
||
| 245 | 0 | 0 |
_aÍndice general de la legislación de la República Dominicana año 2010 : _bperiodo del gobierno constitucional del Dr. Leonel Fernández / _ceditado por la Consultoría Jurídica del Poder Ejecutivo. |
| 260 |
_aSanto Domingo : _bAlfa & Omega , _c2011. |
||
| 300 |
_a435 p. ; _c22 cm. |
||
| 700 | 1 |
_aConsultoría Jurídica del Poder Ejecutivo _eed. _964447 |
|
| 999 |
_c37538 _d37538 |
||